[Event "IND-chT 43rd"]
[Site "Dharamshala"]
[Date "2024.04.03"]
[Round "8.4"]
[White "Visakh, Narayanan Rajeswari"]
[Black "Yohan, Yadav Tarala"]
[Result "1-0"]
[WhiteElo "2521"]
[BlackElo "1746"]
[PlyCount "51"]
[EventDate "2024.03.29"]
[EventType "team-swiss"]
[EventRounds "9"]
[EventCountry "IND"]
[SourceTitle "CB15_2024"]
[SourceDate "2024.04.10"]
[SourceVersion "1"]
[SourceVersionDate "2024.04.10"]
[SourceQuality "1"]
[WhiteTeam "Railway Sport PB"]
[BlackTeam "Telangana"]
[WhiteTeamCountry "IND"]
[BlackTeamCountry "IND"]

1. Nf3 d5 2. e3 Nf6 3. c4 e6 4. b3 Be7 5. Bb2 b6 6. cxd5 exd5 7. g3 0-0 8. Bg2 Ba6 9. d3 Nbd7 10. 0-0 Re8 11. Nc3 c5 12. Re1 Rc8 13. d4 c4 14. bxc4 Bxc4 15. Nd2 b5 16. Nxc4 dxc4 17. a3 a6 18. e4 Nb6 19. Qf3 Qxd4 20. Rad1 Qc5 21. e5 Nfd7 22. Ne4 Qc7 23. Bh3 Rcd8 24. e6 fxe6 25. Bxe6+ Kh8 26. Qf7 1-0

[Event "Vandoeuvre op 20th"]
[Site "Vandoeuvre les Nancy"]
[Date "2024.01.07"]
[Round "9"]
[White "Flom, Gabriel"]
[Black "Visakh, Narayanan Rajeswari"]
[Result "1-0"]
[WhiteElo "2421"]
[BlackElo "2549"]
[PlyCount "143"]
[EventDate "2024.01.03"]
[EventType "swiss"]
[EventRounds "9"]
[EventCountry "FRA"]
[SourceTitle "CB02_2024"]
[SourceDate "2024.01.10"]
[SourceVersion "1"]
[SourceVersionDate "2024.01.10"]
[SourceQuality "1"]

1. d4 Nf6 2. c4 e6 3. Nf3 d5 4. g3 dxc4 5. Bg2 Nbd7 6. 0-0 c6 7. a4 b6 8. Nfd2 Ba6 9. Bxc6 Rc8 10. Bb5 Bb7 11. Nc3 h5 12. e4 Bb4 13. Qe2 h4 14. e5 hxg3 15. fxg3 0-0 16. Rf4 Nd5 17. Nxd5 Bxd5 18. Nxc4 Nb8 19. Ne3 f5 20. exf6 Rxf6 21. Nxd5 Qxd5 22. Rxf6 gxf6 23. Be3 Nc6 24. Bc4 Qe4 25. Bd3 Qd5 26. Qg4+ Kf8 27. Rf1 Ke7 28. Qg7+ Kd8 29. Qxf6+ Be7 30. Qf3 Qxf3 31. Rxf3 e5 32. dxe5 Nxe5 33. Rf5 Nxd3 34. Rd5+ Ke8 35. Rxd3 Rc2 36. b3 Bf6 37. Bd2 Ke7 38. Kf2 Bg5 39. Ke1 Bxd2+ 40. Rxd2 Rc1+ 41. Kf2 Rb1 42. Rd3 Rb2+ 43. Kg1 Kf6 44. Rd7 Rxb3 45. Rxa7 Kf5 46. a5 b5 47. a6 Ra3 48. Ra8 Kg6 49. Kg2 b4 50. a7 Kg7 51. h4 b3 52. Rb8 Rxa7 53. Rxb3 Ra6 54. Rb4 Kg6 55. Kh3 Rc6 56. Kg4 Ra6 57. h5+ Kh6 58. Kh4 Ra1 59. Rb6+ Kg7 60. g4 Rh1+ 61. Kg5 Ra1 62. h6+ Kh7 63. Rb7+ Kg8 64. Kh5 Ra6 65. Rb5 Kh7 66. g5 Ra8 67. g6+ Kh8 68. Rf5 Rb8 69. g7+ Kh7 70. Rf8 Rb5+ 71. Kg4 Rg5+ 72. Kf4 1-0

[Event "Basel Christmas op"]
[Site "Basel"]
[Date "2023.12.29"]
[Round "7"]
[White "Stojanovic, Mihajlo"]
[Black "Visakh, Narayanan Rajeswari"]
[Result "1/2-1/2"]
[WhiteElo "2487"]
[BlackElo "2546"]
[PlyCount "70"]
[EventDate "2023.12.26"]
[EventType "swiss"]
[EventRounds "9"]
[EventCountry "SUI"]
[SourceTitle "CB02_2024"]
[SourceDate "2024.01.10"]
[SourceVersion "1"]
[SourceVersionDate "2024.01.10"]
[SourceQuality "1"]

1. Nf3 Nf6 2. c4 e6 3. Nc3 d5 4. d4 dxc4 5. e3 a6 6. a4 c5 7. Bxc4 Nc6 8. 0-0 Be7 9. Qe2 cxd4 10. Rd1 e5 11. exd4 exd4 12. Nxd4 Nxd4 13. Qe5 Qd6 14. Qxd6 Bxd6 15. Rxd4 Bc5 16. Rd1 0-0 17. h3 Be6 18. Bxe6 fxe6 19. Rd3 Rad8 20. Rxd8 Rxd8 21. Kf1 Rc8 22. Bd2 Bd4 23. Rc1 Kf7 24. Ke2 e5 25. f3 Bxc3 26. Rxc3 Rxc3 27. Bxc3 Ke6 28. g4 g6 29. Kd3 Nd7 30. Bb4 Kd5 31. Ke3 Nf6 32. Bc3 b6 33. f4 exf4+ 34. Kxf4 Ne4 35. Bg7 b5 1/2-1/2

[Event "Basel Christmas op"]
[Site "Basel"]
[Date "2023.12.27"]
[Round "2"]
[White "Kocharin, Timur"]
[Black "Visakh, Narayanan Rajeswari"]
[Result "0-1"]
[WhiteElo "2104"]
[BlackElo "2546"]
[PlyCount "90"]
[EventDate "2023.12.26"]
[EventType "swiss"]
[EventRounds "9"]
[EventCountry "SUI"]
[SourceTitle "CB02_2024"]
[SourceDate "2024.01.10"]
[SourceVersion "1"]
[SourceVersionDate "2024.01.10"]
[SourceQuality "1"]

1. d4 Nf6 2. c4 e6 3. Nf3 d5 4. Nc3 Bb4 5. Qa4+ Nc6 6. e3 0-0 7. Bd2 a6 8. Qc2 Re8 9. a3 Bd6 10. h3 h6 11. Rd1 dxc4 12. Bxc4 e5 13. d5 Ne7 14. e4 Ng6 15. g3 Bd7 16. Kf1 b5 17. Bd3 c6 18. dxc6 Bxc6 19. Be3 Rc8 20. Nd2 Nf8 21. Kg2 Ne6 22. b4 Bb7 23. f3 Nh5 24. Nf1 Qf6 25. Qd2 Red8 26. Nh2 Nd4 27. Bxd4 exd4 28. Ne2 Bb8 29. Kf2 Rc3 30. Ng4 Qd6 31. Rhg1 Rxa3 32. Rc1 Ba7 33. Rc2 Re8 34. Nc1 Rc3 35. Ne2 f5 36. exf5 Qc6 37. Ke1 Qxf3 38. Nf2 Nxg3 39. f6 Re3 40. fxg7 Bd5 41. Ng4 Rcxd3 42. Rc8+ Kxg7 43. Nxe3 Rxd2 44. Rxg3+ Qxg3+ 45. Nxg3 dxe3 0-1

[Event "Basel Christmas op"]
[Site "Basel"]
[Date "2023.12.27"]
[Round "3"]
[White "Visakh, Narayanan Rajeswari"]
[Black "Hoffmann, Sebastian1"]
[Result "1-0"]
[WhiteElo "2546"]
[BlackElo "2176"]
[PlyCount "87"]
[EventDate "2023.12.26"]
[EventType "swiss"]
[EventRounds "9"]
[EventCountry "SUI"]
[SourceTitle "CB02_2024"]
[SourceDate "2024.01.10"]
[SourceVersion "1"]
[SourceVersionDate "2024.01.10"]
[SourceQuality "1"]

1. Nf3 d5 2. g3 c6 3. Bg2 Bg4 4. c4 e6 5. 0-0 Nd7 6. d3 Bd6 7. cxd5 cxd5 8. e4 Ne7 9. h3 Bxf3 10. Bxf3 d4 11. Nd2 Nc6 12. Nc4 Be7 13. e5 Ncxe5 14. Nxe5 Nxe5 15. Bxb7 Rb8 16. Be4 0-0 17. Bxh7+ Kxh7 18. Qh5+ Kg8 19. Qxe5 Qd7 20. b3 f6 21. Qe2 a5 22. Bd2 a4 23. Rfb1 axb3 24. axb3 e5 25. h4 Bb4 26. h5 Qf7 27. Bxb4 Rxb4 28. Ra3 Rc8 29. Qf3 Qe6 30. Ra8 Kh7 31. Rxc8 Qxc8 32. Qe4+ Kh8 33. h6 Qb7 34. Qg6 Rb6 35. Rc1 gxh6 36. b4 Re6 37. Qxh6+ Kg8 38. Qg6+ Kf8 39. b5 Qxb5 40. Rc8+ Ke7 41. Qg7+ Kd6 42. Qc7+ Kd5 43. Rd8+ Rd6 44. Qxd6# 1-0

[Event "Basel Christmas op"]
[Site "Basel"]
[Date "2023.12.26"]
[Round "1"]
[White "Visakh, Narayanan Rajeswari"]
[Black "Saypuri, Srithan"]
[Result "1/2-1/2"]
[WhiteElo "2546"]
[BlackElo "2145"]
[PlyCount "57"]
[EventDate "2023.12.26"]
[EventType "swiss"]
[EventRounds "9"]
[EventCountry "SUI"]
[SourceTitle "CB02_2024"]
[SourceDate "2024.01.10"]
[SourceVersion "1"]
[SourceVersionDate "2024.01.10"]
[SourceQuality "1"]

1. Nf3 Nf6 2. c4 e6 3. d4 d5 4. Nc3 Bb4 5. Qa4+ Nc6 6. a3 Bxc3+ 7. bxc3 Ne4 8. Bf4 Nxc3 9. Qc2 Ne4 10. h4 Nf6 11. e3 Ne7 12. Be2 c6 13. 0-0 Ng6 14. c5 Ne4 15. g3 h6 16. Bd3 f5 17. h5 Nxf4 18. exf4 Nf6 19. Ne5 0-0 20. Qe2 Bd7 21. Kg2 Be8 22. Rh1 Nd7 23. Rab1 Qc7 24. Nf3 Bf7 25. Qe3 b5 26. Ne5 Nxe5 27. fxe5 a5 28. f4 Kh7 29. g4 1/2-1/2

[Event "Rome City op 5th"]
[Site "Rome"]
[Date "2023.12.10"]
[Round "9"]
[White "Visakh, Narayanan Rajeswari"]
[Black "Krishna, C Revanth Gopala"]
[Result "1/2-1/2"]
[WhiteElo "2546"]
[BlackElo "2396"]
[PlyCount "33"]
[EventDate "2023.12.04"]
[EventType "swiss"]
[EventRounds "9"]
[EventCountry "ITA"]
[SourceTitle "CB50_2023"]
[SourceDate "2023.12.13"]
[SourceVersion "1"]
[SourceVersionDate "2023.12.13"]
[SourceQuality "1"]

1. Nf3 d5 2. g3 Nf6 3. Bg2 c5 4. 0-0 Nc6 5. d4 e6 6. c4 dxc4 7. dxc5 Qxd1 8. Rxd1 Bxc5 9. Nbd2 c3 10. bxc3 0-0 11. Nb3 Be7 12. Nfd4 Bd7 13. Nb5 Rfd8 14. Ba3 Bxa3 15. Nxa3 Rac8 16. Nb5 Ne5 17. Nd6 1/2-1/2

[Event "Rome City op 5th"]
[Site "Rome"]
[Date "2023.12.07"]
[Round "6"]
[White "Petrov, Nikita"]
[Black "Visakh, Narayanan Rajeswari"]
[Result "1/2-1/2"]
[WhiteElo "2561"]
[BlackElo "2546"]
[PlyCount "40"]
[EventDate "2023.12.04"]
[EventType "swiss"]
[EventRounds "9"]
[EventCountry "ITA"]
[SourceTitle "CB50_2023"]
[SourceDate "2023.12.13"]
[SourceVersion "1"]
[SourceVersionDate "2023.12.13"]
[SourceQuality "1"]

1. c4 e5 2. Nc3 Nf6 3. Nf3 Nc6 4. e3 Bb4 5. Qc2 Bxc3 6. bxc3 e4 7. Ng5 Qe7 8. f3 exf3 9. Nxf3 0-0 10. Be2 b6 11. 0-0 Bb7 12. Nd4 Qe4 13. Qxe4 Nxe4 14. Nb5 Rac8 15. d3 a6 16. dxe4 axb5 17. cxb5 Ne5 18. c4 Bxe4 19. Bb2 Rfe8 20. a4 Ra8 1/2-1/2

[Event "Rome City op 5th"]
[Site "Rome"]
[Date "2023.12.04"]
[Round "1"]
[White "Visakh, Narayanan Rajeswari"]
[Black "Koridze, Lile"]
[Result "1-0"]
[WhiteElo "2546"]
[BlackElo "2158"]
[PlyCount "49"]
[EventDate "2023.12.04"]
[EventType "swiss"]
[EventRounds "9"]
[EventCountry "ITA"]
[SourceTitle "CB50_2023"]
[SourceDate "2023.12.13"]
[SourceVersion "1"]
[SourceVersionDate "2023.12.13"]
[SourceQuality "1"]

1. Nf3 Nf6 2. c4 e6 3. g3 d5 4. Bg2 d4 5. 0-0 c5 6. d3 h6 7. e3 Be7 8. exd4 cxd4 9. b4 0-0 10. Bb2 Bxb4 11. Nxd4 Nbd7 12. Nc2 Ba5 13. Nd2 e5 14. Nb3 Bb6 15. a4 a5 16. Ba3 Re8 17. c5 Bc7 18. d4 exd4 19. Ncxd4 Ne4 20. Qc2 Ndf6 21. Rad1 Qe7 22. Rfe1 Qe5 23. f3 Qh5 24. fxe4 Ng4 25. Bf3 1-0

[Event "Qatar Masters op"]
[Site "Doha"]
[Date "2023.10.13"]
[Round "3"]
[White "Visakh, Narayanan Rajeswari"]
[Black "Dragicevic, Drazen"]
[Result "1-0"]
[WhiteElo "2547"]
[BlackElo "2354"]
[PlyCount "58"]
[EventDate "2023.10.11"]
[EventType "swiss"]
[EventRounds "9"]
[EventCountry "QAT"]
[SourceTitle "Mega2024 Update 01"]
[Source "Chessbase"]
[SourceDate "2023.11.12"]
[SourceVersion "1"]
[SourceVersionDate "2023.11.12"]
[SourceQuality "1"]

1. d4 d5 2. c4 c6 3. Nf3 Nf6 4. Qb3 e6 5. Bg5 Nbd7 6. Nbd2 Be7 7. g3 a5 8. Bg2 b5 9. cxb5 cxb5 10. Ne5 Nxe5 11. dxe5 Nd7 12. Bxe7 Qxe7 13. Qe3 Bb7 14. 0-0 0-0 15. Nb3 Rfc8 16. Nd4 Qb4 17. a3 Qxb2 18. Rfb1 Qc3 19. Qxc3 Rxc3 20. Nxb5 Rc5 21. f4 Ba6 22. Nd6 Kf8 23. Rc1 Rxc1+ 24. Rxc1 Ke7 25. Rc7 f6 26. f5 fxe5 27. fxe6 Kxe6 28. Rc6 Nb8 29. Bh3+ Ke7 1-0

[Event "Qatar Masters op"]
[Site "Doha"]
[Date "2023.10.12"]
[Round "2"]
[White "Laddha, Shubh Jayesh"]
[Black "Visakh, Narayanan Rajeswari"]
[Result "1/2-1/2"]
[WhiteElo "2373"]
[BlackElo "2547"]
[PlyCount "141"]
[EventDate "2023.10.11"]
[EventType "swiss"]
[EventRounds "9"]
[EventCountry "QAT"]
[SourceTitle "Mega2024 Update 01"]
[Source "Chessbase"]
[SourceDate "2023.11.12"]
[SourceVersion "1"]
[SourceVersionDate "2023.11.12"]
[SourceQuality "1"]

1. e4 c6 2. d4 d5 3. e5 Bf5 4. h4 h5 5. Bd3 Bxd3 6. Qxd3 Qa5+ 7. Nd2 e6 8. Ngf3 Nh6 9. 0-0 Nf5 10. Nb3 Qb5 11. Qd1 c5 12. a4 Qb6 13. dxc5 Bxc5 14. Nxc5 Qxc5 15. b3 Nc6 16. Ba3 Qc3 17. Re1 Ncd4 18. Nxd4 Qxd4 19. Qe2 0-0-0 20. Qb5 Nxh4 21. Qc5+ Qxc5 22. Bxc5 Kd7 23. Bxa7 Rh6 24. Kf1 Rg6 25. g3 Nf5 26. c4 Ra8 27. Bb6 dxc4 28. bxc4 Rg4 29. Red1+ Kc6 30. a5 h4 31. gxh4 Rxh4 32. Rac1 Rah8 33. Re1 Rf4 34. Ke2 Rhh4 35. Kd3 Rh3+ 36. Ke2 Nd4+ 37. Bxd4 Rxd4 38. Rg1 Re4+ 39. Kd2 Rxe5 40. Rxg7 Rf3 41. Ra1 Rxf2+ 42. Kd3 Rf3+ 43. Kd2 Rh5 44. Ke2 Rff5 45. a6 bxa6 46. Rxa6+ Kc5 47. Ra7 Rh2+ 48. Ke3 Rhf2 49. Ra4 R5f3+ 50. Ke4 Rf4+ 51. Ke3 R4f3+ 52. Ke4 Rc3 53. Rg5+ f5+ 54. Ke5 Re2+ 55. Kf6 Rxc4 56. Ra6 Rg4 57. Rh5 Rge4 58. Rh1 f4 59. Rc1+ Rc4 60. Rc6+ Kxc6 61. Rxc4+ Kd5 62. Rxf4 e5 63. Rf1 e4 64. Rd1+ Kc4 65. Ke5 Kc3 66. Rd8 Kc2 67. Kf4 e3 68. Kf3 Rd2 69. Re8 Rd3 70. Rxe3 Rxe3+ 71. Kxe3 1/2-1/2

[Event "SRB-chT Premier"]
[Site "Bajina Basta"]
[Date "2023.09.27"]
[Round "10.1"]
[White "Can, Emre"]
[Black "Visakh, Narayanan Rajeswari"]
[Result "1/2-1/2"]
[WhiteElo "2587"]
[BlackElo "2535"]
[PlyCount "98"]
[EventDate "2023.09.18"]
[EventType "team-tourn"]
[EventRounds "11"]
[EventCountry "SRB"]
[SourceTitle "EXT 2024"]
[Source "ChessBase"]
[SourceDate "2023.10.10"]
[SourceVersion "1"]
[SourceVersionDate "2023.10.10"]
[SourceQuality "1"]
[WhiteTeam "Goracici Jelica"]
[BlackTeam "Kostolac Rudar"]
[WhiteTeamCountry "SRB"]
[BlackTeamCountry "SRB"]

1. d4 Nf6 2. c4 e6 3. Nf3 d5 4. g3 dxc4 5. Bg2 Nbd7 6. 0-0 c6 7. a4 b6 8. Nfd2 Ba6 9. Bxc6 Rc8 10. Bg2 Nb8 11. Nf3 Bb7 12. Na3 Bxa3 13. Rxa3 0-0 14. Bg5 h6 15. Bf4 Be4 16. Qc1 Nc6 17. Qxc4 Bxf3 18. exf3 Nxd4 19. Qa6 Nd5 20. Bd2 Nc2 21. Rb3 Nc7 22. Qd3 Qxd3 23. Rxd3 Rfd8 24. Rxd8+ Rxd8 25. Bc3 Nd5 26. Rd1 Rc8 27. Bd2 Nd4 28. f4 Nb3 29. Be1 Rc2 30. Bxd5 exd5 31. Bc3 Rc1 32. Rxc1 Nxc1 33. Kf1 Nb3 34. Ke2 a5 35. Be5 Nc5 36. b3 Nxb3 37. Bc7 b5 38. axb5 Nd4+ 39. Kd3 Nxb5 40. Bxa5 f5 41. Bb6 Kf7 42. Bc5 g6 43. f3 h5 44. Bb4 Kf6 45. Bc5 Ke6 46. Bf8 Kd7 47. Bc5 Kc6 48. Bb4 Kb6 49. Ke3 Kb7 1/2-1/2

[Event "SRB-chT Premier"]
[Site "Bajina Basta"]
[Date "2023.09.23"]
[Round "6.3"]
[White "Visakh, Narayanan Rajeswari"]
[Black "Predke, Alexandr"]
[Result "1/2-1/2"]
[WhiteElo "2535"]
[BlackElo "2652"]
[PlyCount "20"]
[EventDate "2023.09.18"]
[EventType "team-tourn"]
[EventRounds "11"]
[EventCountry "SRB"]
[SourceTitle "EXT 2024"]
[Source "ChessBase"]
[SourceDate "2023.10.10"]
[SourceVersion "1"]
[SourceVersionDate "2023.10.10"]
[SourceQuality "1"]
[WhiteTeam "Kostolac Rudar"]
[BlackTeam "Belgrade Zmaj"]
[WhiteTeamCountry "SRB"]
[BlackTeamCountry "SRB"]

1. d4 d5 2. Bf4 Bf5 3. e3 e6 4. Nf3 Nf6 5. Bd3 Bxd3 6. Qxd3 Nbd7 7. c4 c5 8. Nc3 cxd4 9. Qxd4 Bc5 10. Qd3 dxc4 1/2-1/2

[Event "SRB-chT Premier"]
[Site "Bajina Basta"]
[Date "2023.09.18"]
[Round "1.2"]
[White "Mesic, Ismet"]
[Black "Visakh, Narayanan Rajeswari"]
[Result "0-1"]
[WhiteElo "2271"]
[BlackElo "2535"]
[PlyCount "70"]
[EventDate "2023.09.18"]
[EventType "team-tourn"]
[EventRounds "11"]
[EventCountry "SRB"]
[SourceTitle "EXT 2024"]
[Source "ChessBase"]
[SourceDate "2023.10.10"]
[SourceVersion "1"]
[SourceVersionDate "2023.10.10"]
[SourceQuality "1"]
[WhiteTeam "Petrovaradin Kraljica"]
[BlackTeam "Kostolac Rudar"]
[WhiteTeamCountry "SRB"]
[BlackTeamCountry "SRB"]

1. d4 Nf6 2. c4 e6 3. Nc3 Bb4 4. e3 0-0 5. Nf3 d5 6. Bd2 b6 7. cxd5 exd5 8. Bd3 Bb7 9. Rc1 a6 10. 0-0 c5 11. a3 Bxc3 12. Bxc3 c4 13. Bb1 b5 14. Ne5 Nc6 15. Qf3 Ne7 16. Bb4 Re8 17. g4 Nc6 18. Bc3 Qc7 19. g5 Nxe5 20. dxe5 d4 21. Qh3 Rxe5 22. Bf5 Qc6 23. e4 Rxf5 24. Qxf5 Nxe4 25. f3 Nd6 26. Qf4 dxc3 27. Rxc3 Re8 28. Rf2 Qc5 29. Kg2 Nf5 30. Rd2 g6 31. Rc1 Bc6 32. h4 Qe3 33. Qxe3 Rxe3 34. h5 gxh5 35. Rf1 Kg7 0-1

[Event "Titled Tuesday intern op 05th Sep Early"]
[Site "Chess.com INT"]
[Date "2023.09.05"]
[Round "10"]
[White "Martinez Alcantara, Jose Eduardo"]
[Black "Visakh, Narayanan Rajeswari"]
[Result "1-0"]
[WhiteElo "2611"]
[BlackElo "2535"]
[PlyCount "49"]
[EventDate "2023.09.05"]
[EventType "swiss (blitz)"]
[EventRounds "11"]
[EventCountry "USA"]
[SourceTitle "EXT 2024"]
[Source "ChessBase"]
[SourceDate "2023.10.10"]
[SourceVersion "1"]
[SourceVersionDate "2023.10.10"]
[SourceQuality "1"]

1. e4 c5 2. Nf3 g6 3. c3 d5 4. e5 Bg4 5. d4 Nc6 6. Bb5 Qb6 7. Bxc6+ bxc6 8. 0-0 e6 9. Nbd2 Ne7 10. h3 Bf5 11. dxc5 Qxc5 12. Nb3 Qb6 13. Be3 Qc7 14. Bc5 Nc8 15. Qd4 Be4 16. Nfd2 Bc2 17. Bxf8 Kxf8 18. Nc5 g5 19. f4 Ne7 20. fxg5 Nf5 21. Qf2 Kg8 22. Rac1 Be4 23. g4 Ng7 24. Ndxe4 dxe4 25. Nxe4 1-0

[Event "Titled Tuesday intern op 05th Sep Early"]
[Site "Chess.com INT"]
[Date "2023.09.05"]
[Round "5"]
[White "Visakh, Narayanan Rajeswari"]
[Black "Dardha, Daniel"]
[Result "1-0"]
[WhiteElo "2535"]
[BlackElo "2586"]
[PlyCount "115"]
[EventDate "2023.09.05"]
[EventType "swiss (blitz)"]
[EventRounds "11"]
[EventCountry "USA"]
[SourceTitle "EXT 2024"]
[Source "ChessBase"]
[SourceDate "2023.10.10"]
[SourceVersion "1"]
[SourceVersionDate "2023.10.10"]
[SourceQuality "1"]

1. Nf3 d5 2. b3 Bf5 3. Bb2 h6 4. g3 c6 5. Bg2 Nf6 6. 0-0 e6 7. d3 Be7 8. Nbd2 a5 9. a3 Nbd7 10. c4 0-0 11. Ra2 Bh7 12. Qa1 b5 13. Nd4 Qb6 14. cxb5 cxb5 15. a4 b4 16. Nb5 Rac8 17. Bd4 Qb8 18. Nf3 Bc5 19. Rc1 Bxd4 20. Nfxd4 Qb6 21. Rac2 Rxc2 22. Rxc2 e5 23. Rc6 Qb8 24. Nc2 Rc8 25. Rxc8+ Qxc8 26. Ne3 Qc5 27. d4 exd4 28. Qxd4 Be4 29. Bxe4 Nxe4 30. Nxd5 Qxd4 31. Nxd4 Ndc5 32. Ne7+ Kf8 33. Nec6 Nb7 34. f3 Nd2 35. e4 Ke8 36. Kf2 Kd7 37. Ke3 Nf1+ 38. Kf4 Nxh2 39. Ne5+ Ke7 40. Ke3 Nf1+ 41. Kf2 Nd2 42. Ke2 Nb1 43. Kd3 Na3 44. Nf5+ Kf8 45. Kd4 Nd8 46. Nd7+ Ke8 47. Nc5 g6 48. Nd6+ Ke7 49. Nc4 Nc6+ 50. Kd5 Nxc4 51. Kxc4 Ne5+ 52. Kb5 Nxf3 53. Kxa5 h5 54. Kb6 Ng5 55. a5 h4 56. gxh4 Nf3 57. a6 Ne5 58. a7 1-0

[Event "IND-ch 60th"]
[Site "Pune"]
[Date "2023.08.25"]
[Round "10"]
[White "Visakh, Narayanan Rajeswari"]
[Black "Kolla, Bhaavan"]
[Result "1-0"]
[WhiteElo "2540"]
[BlackElo "1727"]
[PlyCount "83"]
[EventDate "2023.08.16"]
[EventType "swiss"]
[EventRounds "11"]
[EventCountry "IND"]
[SourceTitle "EXT 2024"]
[Source "ChessBase"]
[SourceDate "2023.10.10"]
[SourceVersion "1"]
[SourceVersionDate "2023.10.10"]
[SourceQuality "1"]

1. d4 Nf6 2. c4 e6 3. Nc3 d5 4. Nf3 dxc4 5. e4 Bb4 6. Bxc4 Nxe4 7. 0-0 Nxc3 8. bxc3 Be7 9. Bf4 0-0 10. Qc2 Nd7 11. Rad1 c6 12. Rfe1 Nf6 13. Bd3 h6 14. Ne5 Nd5 15. Bc1 f5 16. Bf1 Bf6 17. a4 a5 18. c4 Nb4 19. Qb3 Qc7 20. h4 c5 21. Bf4 cxd4 22. Ng6 Qc5 23. Nxf8 Qxf8 24. c5 Bxh4 25. Bc4 Bf6 26. Bd6 Qd8 27. Bxe6+ Kh8 28. Bxc8 Rxc8 29. Qf7 Na6 30. Re2 Qg8 31. Qg6 Qh7 32. Qh5 g6 33. Qh2 Nb4 34. Rde1 d3 35. Re8+ Rxe8 36. Rxe8+ Kg7 37. Be5 Kf7 38. Bxf6 Kxf6 39. Rf8+ Kg5 40. Qg3+ Kh5 41. f4 Qe7 42. Qf3+ 1-0

[Event "IND-ch 60th"]
[Site "Pune"]
[Date "2023.08.24"]
[Round "9"]
[White "Krishna, C Revanth Gopala"]
[Black "Visakh, Narayanan Rajeswari"]
[Result "1/2-1/2"]
[WhiteElo "2405"]
[BlackElo "2540"]
[PlyCount "82"]
[EventDate "2023.08.16"]
[EventType "swiss"]
[EventRounds "11"]
[EventCountry "IND"]
[SourceTitle "EXT 2024"]
[Source "ChessBase"]
[SourceDate "2023.10.10"]
[SourceVersion "1"]
[SourceVersionDate "2023.10.10"]
[SourceQuality "1"]

1. d4 Nf6 2. Nf3 e6 3. e3 b6 4. Bd3 Bb7 5. 0-0 d5 6. c4 Nbd7 7. cxd5 exd5 8. Nc3 a6 9. Qc2 c5 10. Re1 c4 11. Bf5 Bb4 12. e4 dxe4 13. Bg5 0-0 14. Ne5 h6 15. Nxd7 hxg5 16. Nxf8 Kxf8 17. Bxe4 Nxe4 18. Rxe4 Bxe4 19. Qxe4 Qe8 20. Qd5 b5 21. Qxg5 Rd8 22. Nd5 f6 23. Qf5 Bd6 24. Kf1 Be5 25. Nf4 Bxf4 26. Qxf4 Qg6 27. Rd1 Qc2 28. Qd2 Qxd2 29. Rxd2 Ke7 30. Re2+ Kd6 31. Ke1 Rh8 32. h3 Rh4 33. Re8 Rxd4 34. Ra8 Kc5 35. Rxa6 Re4+ 36. Kd2 Rd4+ 37. Kc2 Re4 38. Kd2 Rd4+ 39. Ke2 Re4+ 40. Kd1 Rd4+ 41. Ke2 Re4+ 1/2-1/2

[Event "IND-ch 60th"]
[Site "Pune"]
[Date "2023.08.19"]
[Round "4"]
[White "Visakh, Narayanan Rajeswari"]
[Black "Mahindrakar, Indrajeet"]
[Result "1/2-1/2"]
[WhiteElo "2540"]
[BlackElo "1996"]
[PlyCount "67"]
[EventDate "2023.08.16"]
[EventType "swiss"]
[EventRounds "11"]
[EventCountry "IND"]
[SourceTitle "EXT 2024"]
[Source "ChessBase"]
[SourceDate "2023.10.10"]
[SourceVersion "1"]
[SourceVersionDate "2023.10.10"]
[SourceQuality "1"]

1. d4 Nf6 2. c4 c5 3. d5 e6 4. Nc3 exd5 5. cxd5 d6 6. e4 g6 7. Nge2 Bg7 8. Ng3 0-0 9. Be2 Na6 10. 0-0 Nc7 11. Bg5 h6 12. Be3 b6 13. h3 Re8 14. Qd2 Kh7 15. a4 Ba6 16. Rad1 Bxe2 17. Qxe2 a6 18. f4 b5 19. e5 dxe5 20. d6 Ne6 21. fxe5 Nd7 22. Rxf7 Nxe5 23. Rb7 Qc8 24. Rxg7+ Nxg7 25. Nd5 Nd7 26. Qg4 Re6 27. Bxh6 Kxh6 28. Ne7 Qe8 29. Rd5 Nf6 30. Qh4+ Ngh5 31. Rg5 Rxe7 32. dxe7 Ra7 33. Re5 Kg7 34. Nxh5+ 1/2-1/2

[Event "IND-ch 60th"]
[Site "Pune"]
[Date "2023.08.16"]
[Round "1"]
[White "Vakcheri, Mohitha"]
[Black "Visakh, Narayanan Rajeswari"]
[Result "0-1"]
[WhiteElo "1684"]
[BlackElo "2540"]
[PlyCount "76"]
[EventDate "2023.08.16"]
[EventType "swiss"]
[EventRounds "11"]
[EventCountry "IND"]
[SourceTitle "EXT 2024"]
[Source "ChessBase"]
[SourceDate "2023.10.10"]
[SourceVersion "1"]
[SourceVersionDate "2023.10.10"]
[SourceQuality "1"]

1. d4 Nf6 2. Nf3 e6 3. c4 d5 4. Nc3 dxc4 5. e3 a6 6. a4 c5 7. Bxc4 Nc6 8. dxc5 Qc7 9. 0-0 Bxc5 10. Qe2 0-0 11. Rd1 Bd7 12. e4 Ng4 13. Be3 Nxe3 14. fxe3 Rfd8 15. Kh1 Ne5 16. Nxe5 Qxe5 17. Qf3 Bc6 18. Qf4 Bd6 19. Qxe5 Bxe5 20. Bd3 Rd7 21. Bc2 Rad8 22. Rxd7 Bxd7 23. Rd1 Kf8 24. Bb3 Ke7 25. Rd2 Bc6 26. Rxd8 Kxd8 27. Bc2 Kc7 28. Kg1 Bxc3 29. bxc3 Kb6 30. Kf2 Ka5 31. Ke2 Bxa4 32. Bb1 Bc6 33. Kd3 Ka4 34. Kc4 Ka3 35. e5 h6 36. g3 Kb2 37. Bh7 a5 38. Bg8 a4 0-1

[Event "Leca da Palmeira 2nd"]
[Site "Leca da Palmeira"]
[Date "2023.08.04"]
[Round "7"]
[White "Panjwani, Raja"]
[Black "Visakh, Narayanan Rajeswari"]
[Result "1/2-1/2"]
[WhiteElo "2469"]
[BlackElo "2536"]
[PlyCount "107"]
[EventDate "2023.07.31"]
[EventType "swiss"]
[EventRounds "9"]
[EventCountry "POR"]
[SourceTitle "CBM 215 Extra"]
[Source "ChessBase"]
[SourceDate "2023.09.30"]
[SourceVersion "1"]
[SourceVersionDate "2023.09.30"]
[SourceQuality "1"]

1. d4 Nf6 2. c4 e6 3. Nc3 Bb4 4. e3 0-0 5. Bd3 d5 6. Nf3 dxc4 7. Bxc4 c5 8. 0-0 Nc6 9. a3 Ba5 10. h3 h6 11. Qd3 cxd4 12. exd4 Bc7 13. Re1 Ne7 14. Ne5 Nf5 15. d5 exd5 16. Nxd5 Nxd5 17. Qxd5 Be6 18. Qxd8 Raxd8 19. Bxe6 fxe6 20. Nf3 Bb6 21. Rxe6 Rd1+ 22. Re1 Rxe1+ 23. Nxe1 Ng3 24. Nf3 Ne2+ 25. Kf1 Nd4 26. Nxd4 Bxd4 27. f3 Rc8 28. Bd2 Rc2 29. Bc3 Bxc3 30. bxc3 Rxc3 31. Rb1 b6 32. a4 Kh7 33. a5 bxa5 34. Rb7 a4 35. Rxa7 a3 36. Ra6 Rc1+ 37. Kf2 Rc2+ 38. Kg3 a2 39. f4 h5 40. h4 Kg8 41. Ra7 Kf8 42. Kf3 Ke8 43. g4 hxg4+ 44. Kxg4 Kd8 45. Kf5 Kc8 46. Kg6 Kb8 47. Ra3 Kb7 48. h5 Rc6+ 49. Kxg7 Ra6 50. Rxa2 Rxa2 51. h6 Rg2+ 52. Kf7 Rh2 53. Kg7 Rg2+ 54. Kf7 1/2-1/2